| 000 | 00515nam a2200193Ia 4500 | ||
|---|---|---|---|
| 005 | 20250224142843.0 | ||
| 008 | 231217s9999 xx 000 0 und d | ||
| 020 | _a9788131764572 | ||
| 082 | _a001.6424 SOM;175 | ||
| 100 | _aSommerville, Ian. | ||
| 245 | 0 | _aSoftware engineering | |
| 250 | _a8th ed. | ||
| 260 |
_c2012 _bDorling Kindersley _aNoida |
||
| 300 | _axxiii, 840+Q.51 | ||
| 400 | _aInternation computer science series | ||
| 500 | _aContent pages available. | ||
| 650 | _aSoftware | ||
| 942 | _cAA | ||
| 999 |
_c193580 _d193580 |
||